000 00637nam a2200193 a 4500
001 000040212
005 20201002034003.0
008 130819s1969 sp 000 0 spa d
040 _aDO-SdBNP
_bspa
_cBNPHU
100 1 _aVega, Lope, de
_959179
245 1 0 _aPeribáñez y el comendador de ocaña /
_cLope de Vega ; edición y prólogo Alonso Zamora Vicente.
250 _a2a ed.
260 _aMadrid :
_bEspasa-Calpe,
_c1969.
300 _a282 p. ;
_c20 cm.
490 1 _aClásicos Castellanos
500 _aIncluye notas al pie de las páginas
700 1 _aZamora Vicente, Alonso,
_eed.
_93327
830 0 _aClasicos Castellanos
_94180
999 _c39702
_d39702